000 01607nam a2200517 i 4500
001 41530
003 KOSZ 005
005 20240405063135.0
008 991013s1999 pl a |000 0 pol
015 _aPB 1999/15738
020 _a8387173908
035 _a991011560229705066
035 _a(PL-WaBN)b13143086-48omnis_nlop
035 _ab13143086
035 _a(OCoLC)830280097
035 _a(PL)b0000001314308
035 _a(EXLNZ-48OMNIS_NETWORK)9910290933505606
040 _aWA N
_cWA N
_dKOSZ005/HR
041 0 _apol
046 _k1999
080 _a347.45/.46(438)
080 _a334.75
080 _a339.186/.187
080 _a658.114
100 1 _aTokaj-Krzewska, Agnieszka
_eAutor
245 1 0 _aFranchising - strategia rozwoju małych firm w Polsce /
_cAgnieszka Tokaj-Krzewska.
260 _aWarszawa :
_b"Difin",
_c1999.
300 _a193, [1] s. :
_bwykr. ;
_c21 cm.
336 _2rdacontent
_aTEkst
_btxt
337 _2rdamedia
_aBezuządzenia pośredniczącego
_bn
338 _2rdacarrier
_aWolumin
_bnc
380 _aKsiążki
388 _a19001-2000
388 _a1989-2000
504 _aBibliogr. s. 149-155.
648 _a1901-2000
648 _a1989-2000
650 7 _aFranczyza
_2DBN
650 7 _aPrzedsiębiorstwa małe i średnie (MŚP)
_2DBN
651 _aPolska
658 _aGospodarka, ekonomia, finanse
710 2 _aDifin
_4pbl
856 _uhttp://koha.tu.koszalin.pl/cgi-bin/koha/opac-detail.pl?biblionumber=41530
_yKatalog online BPK
942 _2UKD
_cKS
999 _c41530
_d41530